| 000 | 01101nam a2200313 a 4500 | ||
|---|---|---|---|
| 001 | 000016957 | ||
| 003 | DO-SdBNP | ||
| 005 | 20230411104113.0 | ||
| 007 | ta | ||
| 008 | 100312s1980 dr a 001 0 spa d | ||
| 040 |
_aDO-SdBNP _bspa _cBNPHU |
||
| 082 | 4 |
_a467.97293 _bN964f _222 |
|
| 100 | 1 |
_aNúñez Cedeño, Rafael A., _d1946- _937485 |
|
| 245 | 1 | 3 |
_aLa fonología moderna y el español de Santo Domingo / _cRafael A. Núñez Cedeño. |
| 260 |
_aSanto Domingo : _bTaller, _c1980. |
||
| 300 |
_a164 p. : _bil. ; _c23 cm. |
||
| 490 | 0 |
_aEnsayo _v2 |
|
| 500 | _aIncluye datos biográficos del autor en la solapa de la cubierta | ||
| 500 | _aIncluye bibliografía y notas al pie de páginas. | ||
| 504 | _aBibliografía : p.153-160. | ||
| 586 | _aPremio Siboney, 1979 | ||
| 590 | _aInventariado, 2018/LP | ||
| 650 | 4 |
_aDominicanismos _913083 |
|
| 650 | 4 |
_aEspañol en República Dominicana _xHistoria _937468 |
|
| 650 | 4 |
_aEspañol _xFonología _918780 |
|
| 650 | 4 |
_aEspañol _xProvincialismos _zRepública Dominicana _937486 |
|
| 910 | _aValidado. Control de calidad EMS | ||
| 942 |
_2ddc _cLBS1 |
||
| 999 |
_c16489 _d16489 |
||